000
00262nam a2200121Ia 4500
008
190216s9999||||xx |||||||||||||| ||und||
100
_a
Rao M S
245
0
_a
Indian Economy
260
_b
Mcgraw -hill
_c
1981
300
_a
7.49
650
_a
Economics
942
_c
BK
999
_c
9412
_d
9412